[Event "World Chess Olympiad 2018"]
[Site "Batumi"]
[Date "2018.10.01"]
[Round "7"]
[Board "3"]
[WhiteFideId "24651516"]
[White "Bluebaum Matthias"]
[BlackFideId "1000268"]
[Black "Van Wely Loek"]
[Result "1/2-1/2"]
[LiveChessVersion "1.4.8"]
[BlackElo "2642"]
[WhiteElo "2618"]

1. d4 {[%clk 1:30:55]} d5 {[%clk 1:30:44]} 2. c4 {[%clk 1:31:10]} c6
{[%clk 1:31:06]} 3. Nc3 {[%clk 1:30:25]} Nf6 {[%clk 1:31:12]} 4. cxd5
{[%clk 1:28:55]} cxd5 {[%clk 1:31:35]} 5. Bf4 {[%clk 1:29:21]} Nc6
{[%clk 1:31:09]} 6. e3 {[%clk 1:29:45]} a6 {[%clk 1:26:43]} 7. Be2
{[%clk 1:30:06]} Bf5 {[%clk 1:24:23]} 8. Nf3 {[%clk 1:29:50]} e6 {[%clk 1:18:04]}
9. Qb3 {[%clk 1:29:36]} Ra7 {[%clk 1:14:30]} 10. O-O {[%clk 1:23:55]} Be7
{[%clk 1:13:22]} 11. Rfc1 {[%clk 1:20:58]} Nd7 {[%clk 1:11:30]} 12. Na4
{[%clk 1:15:12]} g5 {[%clk 1:05:21]} 13. Be5 {[%clk 1:02:58]} Ncxe5
{[%clk 0:53:28]} 14. Nxe5 {[%clk 0:57:49]} Nxe5 {[%clk 0:53:21]} 15. dxe5
{[%clk 0:58:15]} b5 {[%clk 0:53:21]} 16. Nc5 {[%clk 0:55:13]} O-O
{[%clk 0:52:18]} 17. Bd3 {[%clk 0:40:25]} Rc7 {[%clk 0:46:51]} 18. Bxf5
{[%clk 0:32:02]} Bxc5 {[%clk 0:33:58]} 19. Bd3 {[%clk 0:29:54]} g4
{[%clk 0:15:32]} 20. a4 {[%clk 0:24:06]} bxa4 {[%clk 0:13:46]} 21. Qxa4
{[%clk 0:22:54]} h5 {[%clk 0:08:07]} 22. Qf4 {[%clk 0:17:40]} Kg7
{[%clk 0:08:30]} 23. Rxa6 {[%clk 0:16:35]} Be7 {[%clk 0:08:26]} 24. Rxc7
{[%clk 0:09:56]} Qxc7 {[%clk 0:08:53]} 25. h3 {[%clk 0:09:28]} Rb8
{[%clk 0:06:53]} 26. hxg4 {[%clk 0:06:19]} Rb4 {[%clk 0:06:20]} 27. e4
{[%clk 0:02:25]} dxe4 {[%clk 0:05:56]} 28. Bxe4 {[%clk 0:00:41]} Qc4
{[%clk 0:03:49]} 29. Ra7 {[%clk 0:00:52]} Qxe4 {[%clk 0:03:18]} 30. Qxe4
{[%clk 0:01:11]} Rxe4 {[%clk 0:03:44]} 31. Rxe7 {[%clk 0:01:37]} hxg4
{[%clk 0:04:05]} 32. Kh2 {[%clk 0:01:49]} Rxe5 {[%clk 0:04:14]} 33. Kg3
{[%clk 0:02:14]} Rb5 {[%clk 0:03:43]} 34. Kxg4 {[%clk 0:02:39]} Rxb2
{[%clk 0:04:07]} 35. Kg3 {[%clk 0:03:05]} 1/2-1/2

[Event "World Chess Olympiad 2018"]
[Site "Batumi"]
[Date "2018.10.01"]
[Round "7"]
[Board "4"]
[WhiteFideId "1039784"]
[White "Van Foreest Jorden"]
[BlackFideId "11600454"]
[Black "Fridman Daniel"]
[Result "1/2-1/2"]
[LiveChessVersion "1.4.8"]
[BlackElo "2591"]
[WhiteElo "2624"]

1. e4 {[%clk 1:30:56]} e5 {[%clk 1:30:55]} 2. Nf3 {[%clk 1:31:17]} Nf6
{[%clk 1:31:19]} 3. Nxe5 {[%clk 1:31:41]} d6 {[%clk 1:31:44]} 4. Nf3
{[%clk 1:32:05]} Nxe4 {[%clk 1:32:09]} 5. d4 {[%clk 1:32:28]} d5 {[%clk 1:32:34]}
6. Bd3 {[%clk 1:32:51]} Nc6 {[%clk 1:32:59]} 7. O-O {[%clk 1:33:10]} Bg4
{[%clk 1:33:26]} 8. c4 {[%clk 1:33:16]} Nf6 {[%clk 1:33:51]} 9. Nc3
{[%clk 1:33:35]} Be7 {[%clk 1:33:58]} 10. cxd5 {[%clk 1:33:53]} Nxd5
{[%clk 1:34:22]} 11. Be4 {[%clk 1:34:11]} Be6 {[%clk 1:33:56]} 12. Qb3
{[%clk 1:34:17]} Ncb4 {[%clk 1:30:21]} 13. Re1 {[%clk 1:34:37]} Nf6
{[%clk 1:30:10]} 14. d5 {[%clk 1:34:56]} Nbxd5 {[%clk 1:27:13]} 15. Nxd5
{[%clk 1:35:20]} Bxd5 {[%clk 1:27:37]} 16. Bxd5 {[%clk 1:35:47]} Qxd5
{[%clk 1:28:00]} 17. Qc2 {[%clk 1:36:15]} Qd6 {[%clk 1:24:48]} 18. Nh4
{[%clk 1:35:29]} Qc6 {[%clk 1:24:34]} 19. Qxc6+ {[%clk 1:12:49]} bxc6
{[%clk 1:24:52]} 20. Bg5 {[%clk 1:13:13]} Kd7 {[%clk 1:24:26]} 21. Nf5
{[%clk 1:07:28]} Bb4 {[%clk 1:24:40]} 22. Bxf6 {[%clk 0:53:32]} Bxe1
{[%clk 1:24:57]} 23. Rd1+ {[%clk 0:53:56]} Ke6 {[%clk 1:25:21]} 24. Bxg7
{[%clk 0:54:22]} Kxf5 {[%clk 1:25:42]} 25. Bxh8 {[%clk 0:54:50]} Bb4
{[%clk 1:26:03]} 26. Bg7 {[%clk 0:52:01]} f6 {[%clk 1:24:38]} 27. Bh6
{[%clk 0:50:36]} Bd6 {[%clk 1:08:31]} 28. Rc1 {[%clk 0:48:04]} Rb8
{[%clk 1:04:47]} 29. b3 {[%clk 0:48:12]} a5 {[%clk 1:00:42]} 30. Rxc6
{[%clk 0:45:30]} a4 {[%clk 0:59:07]} 31. Rc3 {[%clk 0:36:45]} Be5
{[%clk 0:56:16]} 32. Rd3 {[%clk 0:26:32]} axb3 {[%clk 0:52:06]} 33. axb3
{[%clk 0:26:58]} c5 {[%clk 0:52:13]} 34. Kf1 {[%clk 0:26:36]} Rc8
{[%clk 0:50:22]} 35. Rf3+ {[%clk 0:25:52]} Ke4 {[%clk 0:23:04]} 36. Bg7
{[%clk 0:25:18]} Ra8 {[%clk 0:20:18]} 37. Bh6 {[%clk 0:17:12]} Rc8
{[%clk 0:14:46]} 38. Bd2 {[%clk 0:16:24]} c4 {[%clk 0:13:51]} 39. bxc4
{[%clk 0:11:17]} Rxc4 {[%clk 0:14:15]} 40. Ke2 {[%clk 0:41:42]} Rc2
{[%clk 0:39:23]} 41. Ra3 {[%clk 0:38:33]} Kf5 {[%clk 0:39:11]} 42. g3
{[%clk 0:38:30]} Kg6 {[%clk 0:37:27]} 43. Rd3 {[%clk 0:38:44]} f5
{[%clk 0:34:39]} 44. Rd5 {[%clk 0:38:42]} Bf6 {[%clk 0:32:54]} 45. Rd6
{[%clk 0:39:03]} Kf7 {[%clk 0:31:56]} 46. Kd3 {[%clk 0:37:57]} Rc8
{[%clk 0:32:11]} 47. Ra6 {[%clk 0:37:18]} Rd8+ {[%clk 0:32:33]} 48. Ke2
{[%clk 0:37:41]} h5 {[%clk 0:29:12]} 49. Be3 {[%clk 0:37:46]} Re8
{[%clk 0:29:16]} 50. Kf3 {[%clk 0:38:13]} Re6 {[%clk 0:28:59]} 51. Ra4
{[%clk 0:36:59]} Kg6 {[%clk 0:29:20]} 52. h3 {[%clk 0:37:24]} Rd6
{[%clk 0:28:51]} 53. Rb4 {[%clk 0:36:16]} Re6 {[%clk 0:28:56]} 54. g4
{[%clk 0:36:12]} hxg4+ {[%clk 0:29:15]} 55. hxg4 {[%clk 0:36:37]} fxg4+
{[%clk 0:29:38]} 56. Kxg4 {[%clk 0:37:04]} Bg7 {[%clk 0:29:20]} 57. Bg5
{[%clk 0:37:18]} Rd6 {[%clk 0:26:27]} 58. f4 {[%clk 0:37:38]} Rd7
{[%clk 0:25:49]} 59. Rb6+ {[%clk 0:37:15]} Kf7 {[%clk 0:26:11]} 60. f5
{[%clk 0:36:59]} Rd4+ {[%clk 0:26:21]} 61. Kh5 {[%clk 0:37:14]} Rd7
{[%clk 0:26:38]} 62. Re6 {[%clk 0:36:12]} Ra7 {[%clk 0:26:03]} 63. Rc6
{[%clk 0:35:56]} Rd7 {[%clk 0:26:27]} 64. Bh4 {[%clk 0:36:23]} Ra7
{[%clk 0:26:35]} 65. Kg5 {[%clk 0:36:42]} Rb7 {[%clk 0:26:02]} 66. Bg3
{[%clk 0:36:56]} Rd7 {[%clk 0:25:24]} 67. Rc7 {[%clk 0:36:55]} 1/2-1/2

[Event "World Chess Olympiad 2018"]
[Site "Batumi"]
[Date "2018.10.01"]
[Round "7"]
[Board "1"]
[WhiteFideId "309095"]
[White "Navara David"]
[BlackFideId "2805677"]
[Black "Gelfand Boris"]
[Result "1-0"]
[LiveChessVersion "1.4.8"]
[BlackElo "2703"]
[WhiteElo "2740"]

1. e4 {[%clk 1:30:58]} c5 {[%clk 1:30:57]} 2. Nf3 {[%clk 1:31:23]} Nc6
{[%clk 1:31:25]} 3. Nc3 {[%clk 1:31:45]} g6 {[%clk 1:31:45]} 4. d4
{[%clk 1:32:11]} cxd4 {[%clk 1:32:12]} 5. Nxd4 {[%clk 1:32:36]} Bg7
{[%clk 1:32:41]} 6. Be3 {[%clk 1:32:56]} Nf6 {[%clk 1:32:55]} 7. Bc4
{[%clk 1:33:20]} O-O {[%clk 1:33:16]} 8. Bb3 {[%clk 1:33:41]} Re8
{[%clk 1:33:32]} 9. f3 {[%clk 1:34:03]} d5 {[%clk 1:33:54]} 10. exd5
{[%clk 1:34:23]} Nb4 {[%clk 1:34:21]} 11. Nde2 {[%clk 1:34:45]} e6
{[%clk 1:34:46]} 12. Bd4 {[%clk 1:33:20]} exd5 {[%clk 1:34:33]} 13. Qd2
{[%clk 1:33:44]} Nc6 {[%clk 1:34:06]} 14. O-O-O {[%clk 1:34:06]} Nxd4
{[%clk 1:33:55]} 15. Nxd4 {[%clk 1:34:30]} Bd7 {[%clk 1:34:22]} 16. g4
{[%clk 1:34:39]} Bc6 {[%clk 1:34:43]} 17. Kb1 {[%clk 1:33:23]} Nd7
{[%clk 1:30:32]} 18. h4 {[%clk 1:33:38]} Nc5 {[%clk 1:30:40]} 19. h5
{[%clk 1:33:59]} a5 {[%clk 1:30:11]} 20. a4 {[%clk 1:33:54]} Qb6 {[%clk 1:24:03]}
21. hxg6 {[%clk 1:32:44]} hxg6 {[%clk 1:23:33]} 22. g5 {[%clk 1:33:07]} Nxb3
{[%clk 1:18:19]} 23. cxb3 {[%clk 1:33:09]} Qxd4 {[%clk 1:18:14]} 24. Qxd4
{[%clk 1:33:31]} Bxd4 {[%clk 1:18:43]} 25. Rxd4 {[%clk 1:33:50]} Kg7
{[%clk 1:12:16]} 26. f4 {[%clk 1:30:02]} Re3 {[%clk 1:05:51]} 27. Ka2
{[%clk 1:30:18]} Ra6 {[%clk 0:41:55]} 28. Nxd5 {[%clk 1:22:59]} Bxd5
{[%clk 0:37:27]} 29. Rxd5 {[%clk 1:23:17]} Rb6 {[%clk 0:37:56]} 30. Rd8
{[%clk 1:14:14]} Rexb3 {[%clk 0:34:41]} 31. Rh2 {[%clk 1:14:35]} f5
{[%clk 0:34:35]} 32. Rd7+ {[%clk 1:14:35]} Kg8 {[%clk 0:34:07]} 33. Rc2
{[%clk 1:14:52]} 1-0

[Event "World Chess Olympiad 2018"]
[Site "Batumi"]
[Date "2018.10.01"]
[Round "7"]
[Board "2"]
[WhiteFideId "2806851"]
[White "Rodshtein Maxim"]
[BlackFideId "316385"]
[Black "Laznicka Viktor"]
[Result "1-0"]
[LiveChessVersion "1.4.8"]
[BlackElo "2662"]
[WhiteElo "2674"]

1. c4 {[%clk 1:30:54]} e5 {[%clk 1:28:29]} 2. g3 {[%clk 1:30:38]} Nf6
{[%clk 1:25:04]} 3. Bg2 {[%clk 1:30:43]} Bc5 {[%clk 1:22:47]} 4. Nc3
{[%clk 1:30:01]} O-O {[%clk 1:23:00]} 5. e3 {[%clk 1:25:39]} Re8 {[%clk 1:13:51]}
6. Nge2 {[%clk 1:24:36]} Nc6 {[%clk 1:07:40]} 7. O-O {[%clk 1:21:15]} e4
{[%clk 1:06:22]} 8. d3 {[%clk 1:08:22]} exd3 {[%clk 1:06:39]} 9. Qxd3
{[%clk 1:08:16]} d6 {[%clk 1:04:16]} 10. b3 {[%clk 1:06:23]} Bg4 {[%clk 0:58:34]}
11. h3 {[%clk 1:00:30]} Ne5 {[%clk 0:57:55]} 12. Qc2 {[%clk 1:00:44]} Bf3
{[%clk 0:57:49]} 13. Bxf3 {[%clk 0:56:26]} Nxf3+ {[%clk 0:58:07]} 14. Kg2
{[%clk 0:56:52]} Ng5 {[%clk 0:56:32]} 15. h4 {[%clk 0:50:34]} Nge4
{[%clk 0:54:16]} 16. Nxe4 {[%clk 0:50:47]} Nxe4 {[%clk 0:54:25]} 17. Bb2
{[%clk 0:50:37]} Nf6 {[%clk 0:35:40]} 18. Nf4 {[%clk 0:48:27]} a5
{[%clk 0:33:55]} 19. Rad1 {[%clk 0:39:53]} Qe7 {[%clk 0:25:01]} 20. Qf5
{[%clk 0:30:35]} Qd7 {[%clk 0:21:54]} 21. g4 {[%clk 0:26:01]} Qxf5
{[%clk 0:01:53]} 22. gxf5 {[%clk 0:26:23]} c6 {[%clk 0:01:46]} 23. Rg1
{[%clk 0:20:04]} Kf8 {[%clk 0:00:44]} 24. Kf3 {[%clk 0:18:58]} a4
{[%clk 0:01:08]} 25. Rxg7 {[%clk 0:18:21]} Kxg7 {[%clk 0:01:18]} 26. Rg1+
{[%clk 0:18:21]} Kf8 {[%clk 0:01:21]} 27. Bxf6 {[%clk 0:18:45]} axb3
{[%clk 0:01:34]} 28. Rg7 {[%clk 0:13:38]} Rec8 {[%clk 0:01:48]} 29. Rxh7
{[%clk 0:13:14]} Ke8 {[%clk 0:02:14]} 30. axb3 {[%clk 0:13:36]} d5
{[%clk 0:02:14]} 31. cxd5 {[%clk 0:09:27]} Be7 {[%clk 0:01:38]} 32. Be5
{[%clk 0:08:12]} cxd5 {[%clk 0:00:39]} 33. Nxd5 {[%clk 0:07:35]} Bd8
{[%clk 0:00:35]} 34. h5 {[%clk 0:05:39]} Ra5 {[%clk 0:00:54]} 35. e4
{[%clk 0:05:46]} Rc1 {[%clk 0:00:38]} 36. h6 {[%clk 0:05:56]} Bg5
{[%clk 0:00:35]} 37. Rh8+ {[%clk 0:04:52]} Kd7 {[%clk 0:01:03]} 38. h7
{[%clk 0:03:30]} 1-0

[Event "World Chess Olympiad 2018"]
[Site "Batumi"]
[Date "2018.10.01"]
[Round "7"]
[Board "3"]
[WhiteFideId "300071"]
[White "Hracek Zbynek"]
[BlackFideId "2809052"]
[Black "Nabaty Tamir"]
[Result "1-0"]
[LiveChessVersion "1.4.8"]
[BlackElo "2692"]
[WhiteElo "2557"]

1. e4 {[%clk 1:30:57]} e5 {[%clk 1:30:49]} 2. Nf3 {[%clk 1:31:21]} Nc6
{[%clk 1:31:11]} 3. Bb5 {[%clk 1:31:35]} g6 {[%clk 1:30:47]} 4. c3
{[%clk 1:31:05]} a6 {[%clk 1:31:06]} 5. Bxc6 {[%clk 1:31:00]} dxc6
{[%clk 1:31:27]} 6. d4 {[%clk 1:31:21]} exd4 {[%clk 1:31:49]} 7. cxd4
{[%clk 1:31:49]} Bg4 {[%clk 1:32:05]} 8. Be3 {[%clk 1:30:37]} Bg7
{[%clk 1:31:17]} 9. Nc3 {[%clk 1:30:37]} Ne7 {[%clk 1:31:03]} 10. Qb3
{[%clk 1:26:33]} O-O {[%clk 1:25:25]} 11. Qxb7 {[%clk 1:02:08]} Bxf3
{[%clk 0:45:32]} 12. gxf3 {[%clk 1:02:36]} Bxd4 {[%clk 0:45:53]} 13. O-O-O
{[%clk 1:00:44]} c5 {[%clk 0:45:43]} 14. Bxd4 {[%clk 0:58:44]} cxd4
{[%clk 0:46:05]} 15. Qb4 {[%clk 0:58:55]} Nf5 {[%clk 0:35:37]} 16. Kb1
{[%clk 0:53:33]} c5 {[%clk 0:34:43]} 17. Qxc5 {[%clk 0:51:47]} Rc8
{[%clk 0:35:01]} 18. Qa3 {[%clk 0:50:34]} Ne7 {[%clk 0:28:11]} 19. Qa4
{[%clk 0:43:58]} Nc6 {[%clk 0:20:16]} 20. Nd5 {[%clk 0:44:13]} Qh4
{[%clk 0:20:34]} 21. Rc1 {[%clk 0:38:40]} Ne5 {[%clk 0:20:58]} 22. Rxc8
{[%clk 0:26:40]} Rxc8 {[%clk 0:21:26]} 23. Qxa6 {[%clk 0:26:59]} Rb8
{[%clk 0:12:33]} 24. Qf6 {[%clk 0:08:56]} Qxf6 {[%clk 0:12:58]} 25. Nxf6+
{[%clk 0:09:25]} Kg7 {[%clk 0:13:27]} 26. Nd5 {[%clk 0:09:36]} Nxf3
{[%clk 0:13:48]} 27. Kc2 {[%clk 0:08:45]} d3+ {[%clk 0:12:58]} 28. Kxd3
{[%clk 0:09:08]} Rxb2 {[%clk 0:13:21]} 29. Ra1 {[%clk 0:06:07]} Nxh2
{[%clk 0:08:54]} 30. f4 {[%clk 0:03:42]} h5 {[%clk 0:06:18]} 31. a4
{[%clk 0:04:08]} Ng4 {[%clk 0:06:44]} 32. a5 {[%clk 0:04:26]} Rb3+
{[%clk 0:03:56]} 33. Kd4 {[%clk 0:02:57]} Rb7 {[%clk 0:03:06]} 34. a6
{[%clk 0:03:15]} Ra7 {[%clk 0:03:35]} 35. Kc5 {[%clk 0:03:31]} Nf2
{[%clk 0:02:04]} 36. Kb6 {[%clk 0:03:18]} Ra8 {[%clk 0:02:31]} 37. Kb7
{[%clk 0:01:48]} Rd8 {[%clk 0:02:03]} 38. a7 {[%clk 0:01:49]} h4 {[%clk 0:01:54]}
39. Ra2 {[%clk 0:01:24]} Nxe4 {[%clk 0:00:37]} 40. a8=Q {[%clk 0:31:12]} Rxa8
{[%clk 0:31:01]} 41. Kxa8 {[%clk 0:30:33]} Kh6 {[%clk 0:24:56]} 42. Re2
{[%clk 0:29:15]} f5 {[%clk 0:24:31]} 43. Ne3 {[%clk 0:28:35]} Kh5
{[%clk 0:19:33]} 44. Rh2 {[%clk 0:26:09]} g5 {[%clk 0:18:44]} 45. fxg5
{[%clk 0:23:57]} Kxg5 {[%clk 0:16:19]} 46. Kb7 {[%clk 0:22:08]} f4
{[%clk 0:15:38]} 47. Nf1 {[%clk 0:22:19]} f3 {[%clk 0:09:26]} 48. Kc6
{[%clk 0:22:26]} Ng3 {[%clk 0:09:05]} 49. Nd2 {[%clk 0:21:17]} Kf4
{[%clk 0:08:00]} 50. Kd5 {[%clk 0:20:56]} h3 {[%clk 0:04:15]} 51. Kd4
{[%clk 0:19:27]} Nf5+ {[%clk 0:02:14]} 52. Kd3 {[%clk 0:19:48]} Kg4
{[%clk 0:01:30]} 53. Ke4 {[%clk 0:14:01]} Kg3 {[%clk 0:00:42]} 54. Nf1+
{[%clk 0:14:20]} Kg4 {[%clk 0:01:10]} 55. Kd3 {[%clk 0:13:04]} Kh4
{[%clk 0:00:49]} 56. Ra2 {[%clk 0:12:02]} Nh6 {[%clk 0:00:36]} 57. Ke3
{[%clk 0:12:04]} 1-0

[Event "World Chess Olympiad 2018"]
[Site "Batumi"]
[Date "2018.10.01"]
[Round "7"]
[Board "4"]
[WhiteFideId "2801990"]
[White "Smirin Ilia"]
[BlackFideId "14907526"]
[Black "Michalik Peter"]
[Result "1-0"]
[LiveChessVersion "1.4.8"]
[BlackElo "2556"]
[WhiteElo "2594"]

1. e4 {[%clk 1:30:56]} e5 {[%clk 1:30:55]} 2. Nf3 {[%clk 1:31:02]} Nc6
{[%clk 1:31:17]} 3. Bb5 {[%clk 1:30:49]} Nf6 {[%clk 1:31:39]} 4. d3
{[%clk 1:31:10]} Bc5 {[%clk 1:31:59]} 5. c3 {[%clk 1:31:11]} O-O {[%clk 1:32:20]}
6. O-O {[%clk 1:30:09]} Re8 {[%clk 1:32:34]} 7. Bg5 {[%clk 1:28:05]} h6
{[%clk 1:30:52]} 8. Bh4 {[%clk 1:28:02]} Be7 {[%clk 1:30:27]} 9. Bg3
{[%clk 1:22:29]} d6 {[%clk 1:30:02]} 10. h3 {[%clk 1:21:32]} Bd7 {[%clk 1:24:31]}
11. Ba4 {[%clk 1:16:24]} Bf8 {[%clk 1:18:16]} 12. Nbd2 {[%clk 1:13:08]} g6
{[%clk 1:18:32]} 13. Re1 {[%clk 1:11:25]} Bg7 {[%clk 1:18:46]} 14. Nf1
{[%clk 1:09:02]} a5 {[%clk 1:08:34]} 15. Bb3 {[%clk 1:05:29]} Nb8
{[%clk 1:01:19]} 16. a4 {[%clk 1:01:10]} Na6 {[%clk 0:57:49]} 17. Ne3
{[%clk 1:01:03]} Nc5 {[%clk 0:55:24]} 18. Bc2 {[%clk 1:01:28]} Qb8
{[%clk 0:52:19]} 19. Nd2 {[%clk 0:59:44]} b6 {[%clk 0:44:44]} 20. Bh2
{[%clk 0:55:40]} Qb7 {[%clk 0:44:41]} 21. f4 {[%clk 0:53:58]} Bc6
{[%clk 0:40:22]} 22. fxe5 {[%clk 0:44:25]} dxe5 {[%clk 0:40:33]} 23. b4
{[%clk 0:44:38]} axb4 {[%clk 0:33:28]} 24. cxb4 {[%clk 0:44:44]} Ne6
{[%clk 0:33:48]} 25. Bxe5 {[%clk 0:41:54]} Ng5 {[%clk 0:30:12]} 26. Ndc4
{[%clk 0:37:11]} b5 {[%clk 0:24:27]} 27. axb5 {[%clk 0:36:49]} Bxb5
{[%clk 0:24:17]} 28. Rxa8 {[%clk 0:30:32]} Rxa8 {[%clk 0:24:42]} 29. Qd2
{[%clk 0:29:38]} Qc6 {[%clk 0:19:32]} 30. Bb3 {[%clk 0:25:07]} Re8
{[%clk 0:14:59]} 31. Qb2 {[%clk 0:22:34]} Ngh7 {[%clk 0:12:00]} 32. Rf1
{[%clk 0:19:18]} Bxc4 {[%clk 0:08:05]} 33. Bxc4 {[%clk 0:18:47]} Re7
{[%clk 0:06:35]} 34. Nd5 {[%clk 0:17:31]} 1-0

[Event "World Chess Olympiad 2018"]
[Site "Batumi"]
[Date "2018.10.01"]
[Round "7"]
[Board "1"]
[WhiteFideId "13504398"]
[White "Kovalev Vladislav"]
[BlackFideId "13300474"]
[Black "Aronian Levon"]
[Result "1/2-1/2"]
[LiveChessVersion "1.4.8"]
[BlackElo "2780"]
[WhiteElo "2664"]

1. e4 {[%clk 1:30:56]} e5 {[%clk 1:30:56]} 2. Nf3 {[%clk 1:31:21]} Nc6
{[%clk 1:31:21]} 3. Nc3 {[%clk 1:31:45]} Nf6 {[%clk 1:31:45]} 4. Bb5
{[%clk 1:32:12]} Bc5 {[%clk 1:31:58]} 5. O-O {[%clk 1:32:36]} O-O
{[%clk 1:31:20]} 6. Nxe5 {[%clk 1:32:53]} Nxe5 {[%clk 1:31:42]} 7. d4
{[%clk 1:33:20]} Bd6 {[%clk 1:31:31]} 8. f4 {[%clk 1:33:46]} Neg4
{[%clk 1:26:21]} 9. e5 {[%clk 1:33:49]} Bb4 {[%clk 1:26:44]} 10. f5
{[%clk 1:33:27]} Re8 {[%clk 1:12:58]} 11. Nd5 {[%clk 1:32:22]} Nxe5
{[%clk 1:08:58]} 12. Nxb4 {[%clk 1:32:32]} Nc6 {[%clk 1:06:38]} 13. a3
{[%clk 1:32:07]} a6 {[%clk 0:57:09]} 14. Bd3 {[%clk 1:29:35]} a5 {[%clk 0:53:11]}
15. Nxc6 {[%clk 1:27:40]} dxc6 {[%clk 0:52:44]} 16. c3 {[%clk 1:27:59]} c5
{[%clk 0:45:12]} 17. dxc5 {[%clk 1:25:41]} Bd7 {[%clk 0:45:34]} 18. Bg5
{[%clk 1:06:50]} Bc6 {[%clk 0:45:57]} 19. Qc2 {[%clk 0:43:59]} Qd5
{[%clk 0:43:51]} 20. Bxf6 {[%clk 0:25:27]} gxf6 {[%clk 0:44:11]} 21. Rfe1
{[%clk 0:16:37]} Rad8 {[%clk 0:38:50]} 22. Rxe8+ {[%clk 0:16:09]} Bxe8
{[%clk 0:38:39]} 23. Re1 {[%clk 0:13:22]} Qxc5+ {[%clk 0:38:55]} 24. Qf2
{[%clk 0:13:34]} Qxf2+ {[%clk 0:39:19]} 25. Kxf2 {[%clk 0:14:03]} c5
{[%clk 0:38:21]} 26. Re3 {[%clk 0:10:43]} Kf8 {[%clk 0:38:20]} 27. Ke2
{[%clk 0:10:20]} Rd6 {[%clk 0:38:33]} 28. Ke1 {[%clk 0:08:51]} Ba4
{[%clk 0:37:39]} 29. Kf2 {[%clk 0:07:22]} Be8 {[%clk 0:35:58]} 30. Ke1
{[%clk 0:07:46]} Ba4 {[%clk 0:36:23]} 1/2-1/2

[Event "World Chess Olympiad 2018"]
[Site "Batumi"]
[Date "2018.10.01"]
[Round "7"]
[Board "2"]
[WhiteFideId "13300881"]
[White "Sargissian Gabriel"]
[BlackFideId "13502956"]
[Black "Zhigalko Sergei"]
[Result "1-0"]
[LiveChessVersion "1.4.8"]
[BlackElo "2610"]
[WhiteElo "2691"]

1. Nf3 {[%clk 1:30:56]} Nf6 {[%clk 1:30:48]} 2. c4 {[%clk 1:31:10]} e6
{[%clk 1:31:08]} 3. g3 {[%clk 1:31:12]} d5 {[%clk 1:31:25]} 4. d4
{[%clk 1:31:19]} Bb4+ {[%clk 1:31:27]} 5. Bd2 {[%clk 1:30:36]} Be7
{[%clk 1:31:47]} 6. Bg2 {[%clk 1:30:46]} O-O {[%clk 1:31:41]} 7. O-O
{[%clk 1:31:08]} c6 {[%clk 1:31:15]} 8. Qb3 {[%clk 1:30:51]} b6 {[%clk 1:16:26]}
9. Nc3 {[%clk 1:30:41]} Bb7 {[%clk 1:12:16]} 10. Rfd1 {[%clk 1:30:51]} Nbd7
{[%clk 1:11:38]} 11. Rac1 {[%clk 1:31:11]} Rc8 {[%clk 1:04:21]} 12. Ne1
{[%clk 1:31:27]} c5 {[%clk 0:41:57]} 13. cxd5 {[%clk 1:31:41]} cxd4
{[%clk 0:33:58]} 14. d6 {[%clk 1:32:05]} Bxd6 {[%clk 0:23:43]} 15. Bxb7
{[%clk 1:32:07]} Nc5 {[%clk 0:24:03]} 16. Qc4 {[%clk 1:30:11]} Nxb7
{[%clk 0:22:43]} 17. Qxd4 {[%clk 1:30:23]} h6 {[%clk 0:19:01]} 18. Qh4
{[%clk 1:22:39]} a6 {[%clk 0:14:18]} 19. Be3 {[%clk 1:17:09]} b5 {[%clk 0:13:58]}
20. Bd4 {[%clk 1:04:13]} Nh7 {[%clk 0:11:44]} 21. Qg4 {[%clk 1:01:03]} Qg5
{[%clk 0:12:07]} 22. Qxg5 {[%clk 1:00:25]} Nxg5 {[%clk 0:11:54]} 23. h4
{[%clk 0:54:49]} Nh7 {[%clk 0:12:23]} 24. Ne4 {[%clk 0:55:13]} Be7
{[%clk 0:12:06]} 25. Nd3 {[%clk 0:54:41]} Rfe8 {[%clk 0:09:19]} 26. Ne5
{[%clk 0:47:49]} Nf6 {[%clk 0:06:55]} 27. Nxf6+ {[%clk 0:34:01]} Bxf6
{[%clk 0:07:15]} 28. Nc6 {[%clk 0:34:10]} Kf8 {[%clk 0:02:01]} 29. Bxf6
{[%clk 0:31:51]} gxf6 {[%clk 0:02:30]} 30. Nb4 {[%clk 0:30:00]} a5
{[%clk 0:01:27]} 31. Nc6 {[%clk 0:29:12]} Rc7 {[%clk 0:00:47]} 32. Nd4
{[%clk 0:29:24]} Rxc1 {[%clk 0:01:03]} 33. Rxc1 {[%clk 0:29:50]} Nd6
{[%clk 0:01:29]} 34. Rc7 {[%clk 0:28:41]} Rb8 {[%clk 0:01:06]} 35. Kg2
{[%clk 0:25:52]} Rb6 {[%clk 0:01:05]} 36. b3 {[%clk 0:22:34]} a4 {[%clk 0:01:23]}
37. Kf3 {[%clk 0:18:26]} axb3 {[%clk 0:01:50]} 38. axb3 {[%clk 0:18:50]} Ra6
{[%clk 0:00:41]} 39. Rc6 {[%clk 0:15:33]} Rxc6 {[%clk 0:01:06]} 40. Nxc6
{[%clk 0:46:00]} f5 {[%clk 0:30:34]} 41. Ke3 {[%clk 0:43:09]} Ke8
{[%clk 0:17:37]} 42. f3 {[%clk 0:42:28]} Kd7 {[%clk 0:17:16]} 43. Ne5+
{[%clk 0:42:36]} Kc7 {[%clk 0:17:34]} 44. Kd4 {[%clk 0:41:13]} f6
{[%clk 0:17:30]} 45. Ng6 {[%clk 0:39:25]} Nb7 {[%clk 0:10:10]} 46. Ne7
{[%clk 0:32:54]} Na5 {[%clk 0:10:34]} 47. Kc3 {[%clk 0:32:33]} Nc6
{[%clk 0:07:43]} 48. Ng8 {[%clk 0:31:46]} Kd8 {[%clk 0:07:16]} 49. Nxf6
{[%clk 0:29:53]} Ke7 {[%clk 0:07:39]} 50. Nh5 {[%clk 0:30:07]} e5
{[%clk 0:07:00]} 51. g4 {[%clk 0:23:11]} b4+ {[%clk 0:02:03]} 52. Kc4
{[%clk 0:22:51]} f4 {[%clk 0:01:46]} 53. Kd5 {[%clk 0:19:01]} Na5
{[%clk 0:01:46]} 54. Kxe5 {[%clk 0:19:23]} Nxb3 {[%clk 0:02:10]} 55. Nxf4
{[%clk 0:19:46]} Kf7 {[%clk 0:02:18]} 56. Nd3 {[%clk 0:19:45]} 1-0